000 00198nam a2200085 4500
001 1256318
005 20251225161632.0
245 _aYANKILI KAYALAR
_cAHMET YILMAZ BOYUNAĞA
260 _bTİMAŞ YAYINLARI
999 _c1256318
_d1256318